Tennis - Classement WTA 2026 de 1 à 100 - Statistiques

Statistiques générales
  • Ce quiz a été pris 1 218 fois
    213 depuis la dernière actualisation
  • Le résultat moyen est 40 sur 100
Statistiques - réponses
Classement WTA Nationalité Réponse % Correct
1 Biélorussie Aryna Sabalenka
100%
2 Pologne Iga Swiatek
100%
4 États-Unis Coco Gauff
99%
3 Kazakhstan Elena Rybakina
96%
9 Ukraine Elina Svitolina
93%
7 Italie Jasmine Paolini
92%
5 États-Unis Jessica Pegula
89%
8 Russie Mirra Andreeva
83%
38 France Loïs Boisson
82%
16 Japon Naomi Osaka
82%
12 Suisse Belinda Bencic
79%
10 Canada Victoria Mboko
79%
6 États-Unis Amanda Anisimova
71%
26 Lettonie Jelena Ostapenko
70%
15 États-Unis Madison Keys
69%
32 Grèce Maria Sakkari
67%
17 Danemark Clara Tauson
65%
13 Tchéquie Karolina Muchova
64%
23 Chine Qinwen Zheng
64%
24 Royaume-Uni Emma Raducanu
61%
31 Philippines Alexandra Eala
60%
21 Belgique Elise Mertens
60%
59 France Elsa Jacquemot
55%
39 États-Unis Ann Li
54%
27 Canada Leylah Fernandez
52%
28 Ukraine Marta Kostyuk
52%
35 Roumanie Sorana Cirstea
50%
11 Russie Ekaterina Alexandrova
47%
65 Brésil Beatriz Haddad Maia
46%
47 Pologne Magda Linette
46%
55 France Varvara Gracheva
46%
30 Chine Xinyu Wang
46%
80 Chine Shuai Zhang
43%
86 Autriche Anastasia Potapova
42%
18 États-Unis Iva Jovic
42%
44 Tchéquie Marketa Vondrousova
42%
60 Colombie Camila Osorio
41%
33 Roumanie Jaqueline Cristian
41%
19 Russie Liudmila Samsonova
41%
58 Australie Daria Kasatkina
40%
67 Allemagne Eva Lys
40%
36 Indonésie Janice Tjen
40%
49 Tchéquie Barbora Krejcikova
39%
96 Croatie Donna Vekic
38%
41 États-Unis Hailey Baptiste
38%
68 Royaume-Uni Katie Boulter
38%
14 Tchéquie Linda Noskova
38%
100 Turquie Zeynep Sönmez
38%
40 Italie Elisabetta Cocciaretto
37%
20 Russie Diana Shnaider
35%
25 États-Unis Emma Navarro
35%
94 Nouvelle-Zélande Lulu Sun
35%
63 Hongrie Anna Bondár
34%
57 Pologne Magdalena Frech
34%
22 Russie Anna Kalinskaya
33%
48 Ukraine Dayana Yastremska
33%
74 Kazakhstan Yulia Putintseva
33%
34 Tchéquie Marie Bouzkova
31%
56 Allemagne Tatjana Maria
31%
52 Allemagne Laura Siegemund
30%
29 Australie Maya Joint
30%
53 Russie Veronika Kudermetova
30%
72 Suisse Viktorija Golubic
30%
43 États-Unis Sofia Kenin
29%
42 Tchéquie Katerina Siniakova
28%
85 Serbie Olga Danilovic
28%
83 Mexique Renata Zarazua
27%
64 Espagne Cristina Bucsa
26%
88 Ouzbékistan Kamilla Rakhimova
26%
62 Argentine Solana Sierra
26%
50 Espagne Jéssica Bouzas Maneiro
25%
61 États-Unis Peyton Stearns
24%
37 Tchéquie Sara Bejlek
24%
54 Croatie Antonia Ruzic
21%
81 Hongrie Dalma Galfi
21%
75 États-Unis Danielle Collins
21%
71 Roumanie Elena-Gabriela Ruse
21%
46 États-Unis McCartney Kessler
21%
51 Royaume-Uni Sonay Kartal
21%
45 Tchéquie Tereza Valentova
20%
91 États-Unis Alycia Parks
19%
84 Australie Ajla Tomljanovic
18%
89 Russie Anna Blinkova
18%
87 Royaume-Uni Francesca Jones
18%
99 Japon Moyuka Uchijima
16%
97 États-Unis Ashlyn Krueger
15%
66 États-Unis Caty McNally
15%
77 Australie Kimberly Birrell
15%
90 Hongrie Panna Udvardy
15%
78 Suisse Simona Waltert
15%
76 Autriche Julia Grabher
14%
79 Allemagne Ella Seidel
11%
95 Slovénie Kaja Juvan
10%
69 Croatie Petra Marcinko
10%
92 États-Unis Katie Volynets
9%
98 Ukraine Yulia Starodubtseva
8%
93 Lettonie Darja Semenistaja
7%
70 Ukraine Oleksandra Oliynykova
7%
82 Russie Anastasia Zakharova
5%
73 Russie Oksana Selekhmeteva
4%
Aucun quiz correspondant
Distribution des résultats
% des personnes avec chaque résultat
Percentile par nombre de réponses
Votre historique - résultats
Vous n’avez pas pris ce quiz depuis la dernière actualisation